<?xml version="1.0" encoding="UTF-8"?><?xml-stylesheet type="text/xsl" href="static/style.xsl"?><OAI-PMH xmlns="http://www.openarchives.org/OAI/2.0/" xmlns:xsi="http://www.w3.org/2001/XMLSchema-instance" xsi:schemaLocation="http://www.openarchives.org/OAI/2.0/ http://www.openarchives.org/OAI/2.0/OAI-PMH.xsd"><responseDate>2026-06-01T12:53:56Z</responseDate><request verb="GetRecord" identifier="oai:riuma.uma.es:10630/29042" metadataPrefix="marc">https://riuma.uma.es/rest/oai/request</request><GetRecord><record><header><identifier>oai:riuma.uma.es:10630/29042</identifier><datestamp>2026-02-03T11:02:04Z</datestamp><setSpec>com_10630_2254</setSpec><setSpec>col_10630_37953</setSpec></header><metadata><record xmlns="http://www.loc.gov/MARC21/slim" xmlns:dcterms="http://purl.org/dc/terms/" xmlns:doc="http://www.lyncode.com/xoai" xmlns:xsi="http://www.w3.org/2001/XMLSchema-instance" xsi:schemaLocation="http://www.loc.gov/MARC21/slim http://www.loc.gov/standards/marcxml/schema/MARC21slim.xsd">
   <leader>00925njm 22002777a 4500</leader>
   <datafield ind2=" " ind1=" " tag="042">
      <subfield code="a">dc</subfield>
   </datafield>
   <datafield ind2=" " ind1=" " tag="720">
      <subfield code="a">Fernández-Jiménez, Miguel Ángel</subfield>
      <subfield code="e">author</subfield>
   </datafield>
   <datafield ind2=" " ind1=" " tag="720">
      <subfield code="a">Mena-Rodríguez, Esther</subfield>
      <subfield code="e">author</subfield>
   </datafield>
   <datafield ind2=" " ind1=" " tag="720">
      <subfield code="a">Tójar-Hurtado, Juan Carlos</subfield>
      <subfield code="e">author</subfield>
   </datafield>
   <datafield ind2=" " ind1=" " tag="260">
      <subfield code="c">2017-07-07</subfield>
   </datafield>
   <datafield ind2=" " ind1=" " tag="520">
      <subfield code="a">Desde que en 1924 el Pressey Testing Machine apareció en la historia de la educación hasta el&#xd;
2013 donde los MOOC están presentes a nivel mundial, el e-learning ha sufrido una evolución&#xd;
constante. Ello se ha debido en parte a que es una nueva forma de aprendizaje adaptado a las&#xd;
necesidades de una sociedad cambiante, en la que los trabajadores necesitan capacitarse fuera de&#xd;
su horario laboral. De esta manera, la investigación en los procesos implícitos en el e-learning&#xd;
se hace imprescindible de cara a la mejora de la calidad de esta modalidad de formación. Por ello&#xd;
el objetivo de esta investigación se dirigió a 1) analizar las funciones que los formadores llevan&#xd;
a cabo en sus acciones formativas y, 2) investigar cómo aprecian los estudiantes esas funciones.&#xd;
La metodología aplicada es un diseño mixto para adecuarse lo mejor posible a los objetivos de&#xd;
la investigación. Se ha utilizado una muestra de 707 estudiantes y otra muestra de los tutores&#xd;
de 29 cursos, ambas pertenecientes a un proyecto de formación continua de trabajadores de&#xd;
pequeñas y medianas empresas (PYMES). De los resultados obtenidos es posible conocer las&#xd;
funciones que los tutores han llevado a cabo y, a partir de ahí, construir algunos “marcos&#xd;
teóricos” que permitan comprender las relaciones entre categorías y dimensiones que subyacen&#xd;
a este tipo de formación. Del mismo modo, se han podido determinar diferentes tipologías de&#xd;
tutores dependiendo de los roles que han desempeñado.</subfield>
   </datafield>
   <datafield ind1="8" ind2=" " tag="024">
      <subfield code="a">Fernández-Jiménez, M.A., Mena-Rodríguez, E. y Tójar-Hurtado, J.C. (2017). Funciones de la tutoría en e-learning: Estudio  mixto de los roles del tutor online. Revista de Investigación Educativa, 35(2), 409-426</subfield>
   </datafield>
   <datafield ind1="8" ind2=" " tag="024">
      <subfield code="a">https://hdl.handle.net/10630/29042</subfield>
   </datafield>
   <datafield ind1="8" ind2=" " tag="024">
      <subfield code="a">10.6018/rie.35.2.273271</subfield>
   </datafield>
   <datafield tag="653" ind2=" " ind1=" ">
      <subfield code="a">Tutoría (Enseñanza)</subfield>
   </datafield>
   <datafield tag="653" ind2=" " ind1=" ">
      <subfield code="a">Enseñanza a distancia</subfield>
   </datafield>
   <datafield tag="653" ind2=" " ind1=" ">
      <subfield code="a">Tecnología educativa</subfield>
   </datafield>
   <datafield ind2="0" ind1="0" tag="245">
      <subfield code="a">Funciones de la tutoría en e-learning: Estudio mixto de los roles del tutor online.</subfield>
   </datafield>
</record>
</metadata></record></GetRecord></OAI-PMH>